=LDR 00000nam 2200000 4500 =001 NUTBA000000000004266 =005 20140910091245.0 =006 =007 =008 =020 ##$$a 979-28-1051-6 =035 ##$$a 0010-091400000000299 =040 ##$$a NBPDMAT =082 ##$$a 540.76 =084 ##$$a 540.76 Ani k =100 ##$$a Anis Dyah Rufaida =245 ##$$a Kimia Untuk SMA/MA Kelas XI Semester 1 / $c Anis Dyah Rufaida,Waldjinah dan Erna Tri Wulandari =250 ##$$a Cet. 1 =260 ##$$a Klaten : $b Intan Pariwara, $c 2010 =300 ##$$a iv, 116 hlm. : $b ilus. ; $c 27 cm. =500 ##$$a Bibilografi : hlm.116 =650 ##$$a Kimia-SMA-soal,dsb =700 ##$$a Waldjinah dan Erna Tri Wulandari =990 ##$$a 21411122